Catálogo
 En Linea

Manual de diabetes joslin : (Registro nro. 45146)

Detalles MARC
000 -CABECERA
campo de control de longitud fija 00603nam a2200169 a 4500
001 - NÚMERO DE CONTROL
campo de control 000045657
005 - FECHA Y HORA DE LA ÚLTIMA TRANSACCIÓN
campo de control 20201002052354.0
008 - DATOS DE LONGITUD FIJA--INFORMACIÓN GENERAL
campo de control de longitud fija 150422s1980 mx a 000 0 spa d
020 ## - NÚMERO INTERNACIONAL ESTÁNDAR DEL LIBRO
Número Internacional Estándar del Libro 9682601770
040 ## - FUENTE DE LA CATALOGACIÓN
Centro catalogador/agencia de origen DO-SdBNP
Lengua de catalogación spa
Centro/agencia transcriptor BNPHU
082 ## - NÚMERO DE LA CLASIFICACIÓN DECIMAL DEWEY
Número de clasificación xxxx
Número de documento/Ítem xxxx
245 00 - MENCIÓN DE TÍTULO
Título Manual de diabetes joslin :
Resto del título preparado por Médicos de la Joslin Clinic Division /
Mención de responsabilidad, etc. Leo P Krall; Joslin Diabetes Foundation. Joslin Clinic Division.
246 10 - FORMA VARIANTE DE TÍTULO
Título propio/Titulo breve Joslin diabetes manual
260 ## - PUBLICACIÓN, DISTRIBUCIÓN, ETC.
Lugar de publicación, distribución, etc. México :
Nombre del editor, distribuidor, etc. Compañia Editorial Continental,
Fecha de publicación, distribución, etc. 1980.
300 ## - DESCRIPCIÓN FÍSICA
Extensión 339 p. :
Otras características físicas il. ;
Dimensiones 23 cm.
700 12 - PUNTO DE ACCESO ADICIONAL--NOMBRE DE PERSONA
Nombre de persona Krall, Leo P.
Término indicativo de función/relación ed.
9 (RLIN) 73720
Existencias
Estado de retiro Estado de pérdida Restricciones de uso No para préstamo Código de colección Localización permanente Ubicación/localización actual Ubicación en estantería Fecha de adquisición Número de inventario Total de préstamos Signatura topográfica completa Código de barras Fecha visto por última vez Precio válido a partir de Tipo de ítem Koha Nota pública
      Excluido de préstamo Monografías: Libros y Folletos Patrimonio Dominicano Patrimonio Dominicano En catalogación 22.04.2015 LF1   xxxx xxxx 45657-10 25.06.2020 25.06.2020 No se presta Perteneció a la biblioteca personal de Erick Landestoy.

Con tecnología Koha